| 000 | 00415nam a2200157Ia 4500 | ||
|---|---|---|---|
| 008 | 240729s9999 xx 000 0 und d | ||
| 022 | _a2090-2735 | ||
| 245 | 0 | _aJournal of Pregnancy | |
| 260 | _aUnited Kingdom | ||
| 260 | _bHindawi Limited | ||
| 650 | _a Gynecology and obstetrics | ||
| 650 | _aMedicine | ||
| 856 | _uhttps://doaj.org/toc/708b67cae2ad41deaeb6c2876d1af174 | ||
| 942 | _2ddc | ||
| 942 | _cDOAJEJ | ||
| 999 |
_c71521 _d71521 |
||
| 945 |
_a1 _bMadushi Gamage _c1 _dMadushi Gamage |
||